[Event "Mainz SJRH-ch U18"]
[Site "?"]
[Date "2002.01.02"]
[Round "1"]
[White "Resa Tobias"]
[Black "Schaal Benedikt"]
[Result "0-1"]
[WhiteElo "1900"]
[BlackElo "1452"]
[PlyCount "94"]
[EventDate "2002.??.??"]
[Source "www.chesslib.no"]
[SourceDate "2004.05.04"]

1. e4 e5 2. f4 exf4 3. Nf3 Nc6 4. d4 d5 5. e5 Nge7 6. Bxf4 Bg4 7. c3 Ng6 8. Bg3 Be7 9. Nbd2 O-O 10. Be2 f6 11. exf6 Bxf6 12. O-O Qd7 13. Qc2 Bf5 14. Bd3 Bxd3 15. Qxd3 Rae8 16. Rf2 Nce7 17. Raf1 c6 18. Ne5 Bxe5 19. Bxe5 Rxf2 20. Rxf2 Nxe5 21. dxe5 Qg4 22. h3 Qg6 23. Qf3 Qe6 24. Nb3 Ng6 25. Nd4 Nxe5 26. Qe2 Qg6 27. Nf5 h6 28. Qc2 Kh8 29. Qa4 Rf8 30. g4 a6 31. Qd4 Nc4 32. b3 Nd6 33. Qc5 Rxf5 34. Rxf5 Nxf5 35. Qf8+ Kh7 36. Qxf5 Qxf5 37. gxf5 Kg8 38. Kf2 Kf7 39. Kf3 Kf6 40. Kf4 h5 41. a3 b6 42. a4 c5 43. b4 d4 44. a5 dxc3 45. Ke3 bxa5 46. bxc5 Kxf5 47. Kd3 Ke5 0-1

[Event "Corr"]
[Site "?"]
[Date "2001.04.22"]
[Round "?"]
[White "Miedema Auke P"]
[Black "Geib Steven"]
[Result "1-0"]
[WhiteElo "2022"]
[BlackElo "1325"]
[PlyCount "88"]
[EventDate "2001.??.??"]
[Source "www.chesslib.no"]
[SourceDate "2004.05.04"]

1. e4 e5 2. f4 exf4 3. Nf3 Nc6 4. d4 Nf6 5. e5 Nd5 6. Bc4 Ne3 7. Bxe3 fxe3 8. O-O d5 9. Bb5 a6 10. Bxc6+ bxc6 11. c4 Rb8 12. b3 dxc4 13. bxc4 Rb4 14. Qd3 Be6 15. Rc1 c5 16. d5 Be7 17. a3 Rb6 18. Qxe3 Bf5 19. Nbd2 O-O 20. Rf1 Re8 21. Rae1 Rb2 22. Ne4 Bxe4 23. Qxe4 Bg5 24. Qf5 Bh6 25. e6 fxe6 26. dxe6 Qe7 27. Qf7+ Kh8 28. Ne5 g6 29. Rf3 Rbb8 30. Qxe7 Rxe7 31. Nc6 Rbe8 32. Nxe7 Rxe7 33. Rf7 Rxf7 34. exf7 Kg7 35. Rf1 Kf8 36. Rf3 Bg7 37. Kf2 Bb2 38. h4 Bd4+ 39. Ke2 h5 40. a4 a5 41. Kd3 c6 42. Ke4 Bb2 43. Rb3 Bf6 44. Rb7 Be7 1-0

[Event "Open VPTD 2003"]
[Site "?"]
[Date "2003.08.15"]
[Round "1"]
[White "Ringoir Guy"]
[Black "Reypens Jan-Dries"]
[Result "1-0"]
[WhiteElo "1956"]
[BlackElo "1347"]
[PlyCount "65"]
[EventDate "2003.??.??"]
[Source "www.chesslib.no"]
[SourceDate "2004.05.04"]

1. e4 e5 2. f4 exf4 3. Nf3 Bc5 4. d4 Bb6 5. Bxf4 d6 6. Bc4 Bg4 7. O-O Nc6 8. c3 Ne5 9. Bxe5 dxe5 10. Bxf7+ Ke7 11. Bb3 Nf6 12. Kh1 Qd7 13. Qe1 Bxf3 14. Rxf3 Raf8 15. dxe5 Ng4 16. Qh4+ Ke8 17. e6 Qd3 18. Nd2 Nf2+ 19. Qxf2 Bxf2 20. Rxd3 Rf6 21. Rf3 Rhf8 22. Rxf6 Rxf6 23. Rf1 Ke7 24. Nf3 Be3 25. Re1 Bf2 26. Rf1 Be3 27. g3 g5 28. Kg2 h5 29. Re1 Bc5 30. Nd4 g4 31. Nf5+ Kf8 32. Rd1 Ke8 33. Rd7 1-0

[Event "Steinfurt"]
[Site "?"]
[Date "2004.05.22"]
[Round "9.2"]
[White "Brito Daniel"]
[Black "Grigowski Heiko"]
[Result "1-0"]
[WhiteElo "1802"]
[BlackElo "1498"]
[PlyCount "61"]
[EventDate "2004.??.??"]
[Source "www.chesslib.no"]
[SourceDate "2004.05.04"]

1. e4 e5 2. f4 exf4 3. Nf3 Bc5 4. d4 Bb6 5. Bc4 Ne7 6. Nc3 d6 7. Ng5 d5 8. exd5 Nf5 9. Nf3 Qe7+ 10. Kf2 O-O 11. Bxf4 Qb4 12. Qd3 Qxb2 13. a3 Nxd4 14. Nxd4 Bxd4+ 15. Qxd4 Qxc2+ 16. Ne2 Qf5 17. Bd3 Qd7 18. Rhc1 c6 19. d6 Qg4 20. h3 Qh5 21. g4 Qa5 22. Rc5 Qd8 23. Rh5 g6 24. Bh6 f6 25. Bxf8 gxh5 26. Be7 Qb6 27. Bc4+ Kg7 28. Bxf6+ Kh6 29. g5+ Kg6 30. Nf4+ Kf5 31. Bd3# 1-0

[Event "Chessfriend.com"]
[Site "?"]
[Date "2004.11.20"]
[Round "?"]
[White "Hanison Bernard"]
[Black "Link Herbert"]
[Result "1-0"]
[WhiteElo "1889"]
[BlackElo "1398"]
[PlyCount "37"]
[EventDate "2004.??.??"]
[Source "www.chesslib.no"]
[SourceDate "2004.05.04"]

1. e4 e5 2. f4 exf4 3. Nf3 Qf6 4. d4 d6 5. Nc3 c6 6. Be2 Be7 7. O-O Be6 8. e5 dxe5 9. Nxe5 Bd6 10. Ne4 Qe7 11. Bxf4 Bxe5 12. Bxe5 f6 13. Bh5+ Kd8 14. Bd6 Qd7 15. Nc5 Qc8 16. Qe1 g6 17. Nxe6+ Kd7 18. Rxf6 Nxf6 19. Nc5+ 1-0

[Event "Corr"]
[Site "?"]
[Date "2000.03.12"]
[Round "?"]
[White "Lalonde Michel"]
[Black "Newhall David"]
[Result "1-0"]
[WhiteElo "1652"]
[BlackElo "1628"]
[PlyCount "27"]
[EventDate "2000.??.??"]
[Source "www.chesslib.no"]
[SourceDate "2004.05.04"]

1. f4 e5 2. e4 exf4 3. Nf3 Nc6 4. d4 g5 5. d5 Na5 6. Bd2 b6 7. Bc3 f6 8. Nxg5 Qe7 9. Qh5+ Kd8 10. Nf7+ Ke8 11. Nxh8+ Kd8 12. Nf7+ Ke8 13. Nh6+ Kd8 14. Nxg8 1-0

[Event "Saint-Quentin en Yvelines (tournoi) "]
[Site "?"]
[Date "2004.04.20"]
[Round "4.36"]
[White "Caravaggi Garry"]
[Black "Benhamouda Fabrice"]
[Result "1-0"]
[WhiteElo "1770"]
[BlackElo "1490"]
[PlyCount "56"]
[EventDate "2004.??.??"]
[Source "www.chesslib.no"]
[SourceDate "2004.05.04"]

1. e4 e5 2. f4 exf4 3. Nf3 Nc6 4. Bc4 Be7 5. O-O d6 6. d4 g5 7. Nc3 Bg4 8. Be2 Bf6 9. d5 Ne5 10. Nxe5 Bxe2 11. Nxe2 dxe5 12. c4 c6 13. Kh1 Qb6 14. Nc3 Rd8 15. a3 h5 16. Na4 Qc7 17. b4 cxd5 18. cxd5 Qc4 19. Re1 g4 20. Bb2 g3 21. h3 h4 22. Rc1 Qa2 23. Re2 f3 24. gxf3 Bg5 25. Rc7 Bf4 26. Qd3 Nf6 27. Bxe5 Qxe2 28. Qxe2 Rg8 1-0

[Event "AUS Ch"]
[Site "?"]
[Date "2004.01.04"]
[Round "6.49"]
[White "Hunter Daniel Mark"]
[Black "Peake Michael R"]
[Result "1-0"]
[WhiteElo "1777"]
[BlackElo "1467"]
[PlyCount "77"]
[EventDate "2004.??.??"]
[Source "www.chesslib.no"]
[SourceDate "2004.05.04"]

1. e4 e5 2. f4 exf4 3. Nf3 Nc6 4. Bc4 d5 5. exd5 Na5 6. Be2 Qxd5 7. Nc3 Qd8 8. O-O Nf6 9. d3 Bd6 10. Nb5 O-O 11. Nxd6 Qxd6 12. Kh1 Ng4 13. Qd2 Ne3 14. Qxa5 Nxf1 15. Bxf1 Bg4 16. Qg5 Bxf3 17. gxf3 Qc6 18. Qg2 Qf6 19. Rb1 Rfe8 20. Bd2 Re6 21. d4 Rae8 22. Bd3 Rb6 23. Bc3 h6 24. Rg1 g5 25. h4 Qh8 26. Qg4 Rd8 27. d5 f6 28. Bf5 Kf8 29. Be6 Ke7 30. Re1 Qg7 31. Qf5 Ra8 32. Rg1 Rh8 33. Bd4 Ra6 34. Re1 Rb8 35. Bd7+ Kf7 36. Re6 Qg6 37. Re7+ Kxe7 38. Qxg6 Kxd7 39. Qf7+ 1-0

[Event "Mirodata Cup U16 1st"]
[Site "?"]
[Date "2001.07.01"]
[Round "9"]
[White "Jachnowitsch Kristjan John"]
[Black "Braeutigam Torben"]
[Result "1-0"]
[WhiteElo "1746"]
[BlackElo "1471"]
[PlyCount "54"]
[EventDate "2001.??.??"]
[Source "www.chesslib.no"]
[SourceDate "2004.05.04"]

1. e4 e5 2. f4 exf4 3. Nf3 Nc6 4. d4 d6 5. Bxf4 Bg4 6. Bb5 Be7 7. O-O Bd7 8. Nc3 Nf6 9. d5 Nb8 10. Bd3 O-O 11. Nd4 Bg4 12. Qe1 Nbd7 13. h3 Bh5 14. Nf5 Ne5 15. Bxe5 dxe5 16. Qg3 Bg6 17. Qxe5 Bc5+ 18. Kh1 Re8 19. Qg3 Bxf5 20. Rxf5 Bd6 21. e5 Rxe5 22. Rxe5 Nd7 23. Rae1 Qf8 24. Qh4 Nf6 25. R5e2 h6 26. Ne4 Nxd5 27. Nxd6 Qxd6 1-0

[Event "Santiago CALF op"]
[Site "?"]
[Date "2003.??.??"]
[Round "5.17"]
[White "Norambuena Jorge"]
[Black "Henriquez Jorge"]
[Result "0-1"]
[WhiteElo "1733"]
[BlackElo "1471"]
[PlyCount "57"]
[EventDate "2003.??.??"]
[Source "www.chesslib.no"]
[SourceDate "2004.05.04"]

1. e4 e5 2. f4 exf4 3. Nf3 Nc6 4. d4 d5 5. e5 Bg4 6. Be2 Bb4+ 7. c3 Ba5 8. Bxf4 Nge7 9. Nbd2 O-O 10. O-O f6 11. Nb3 Bb6 12. h3 Bh5 13. g4 Bg6 14. Qd2 fxe5 15. Nxe5 Nxe5 16. Bxe5 Rxf1+ 17. Rxf1 Nc6 18. Qf4 Nxe5 19. Qxe5 Bf7 20. Bd3 g6 21. Rf6 c6 22. g5 Bc7 23. Qe2 Qe8 24. Qd2 Qd7 25. Kg2 Re8 26. Nc5 Qc8 27. h4 Qg4+ 28. Kf1 Qh3+ 29. Qg2 0-1

[Event "Pays de Charleroi op"]
[Site "?"]
[Date "2003.08.24"]
[Round "2.40"]
[White "Keiser Marc"]
[Black "Paspont Jean"]
[Result "1-0"]
[WhiteElo "1746"]
[BlackElo "1443"]
[PlyCount "42"]
[EventDate "2003.??.??"]
[Source "www.chesslib.no"]
[SourceDate "2004.05.04"]

1. e4 e5 2. f4 exf4 3. Nf3 Nc6 4. d4 d5 5. exd5 Qxd5 6. c4 Bb4+ 7. Nc3 Bxc3+ 8. bxc3 Qd8 9. Bxf4 Nf6 10. Bd3 Bg4 11. O-O O-O 12. Qc2 Bxf3 13. Rxf3 Ne7 14. Be5 Ng6 15. Bxf6 gxf6 16. Raf1 Kg7 17. Qf2 Qd7 18. Rxf6 Rae8 19. h4 Re6 20. h5 Rxf6 21. Qxf6+ Kg8 1-0

[Event "Canberra"]
[Site "?"]
[Date "2002.10.16"]
[Round "11.9"]
[White "Oliver Shannon"]
[Black "Bokulic Victor"]
[Result "1/2-1/2"]
[WhiteElo "1532"]
[BlackElo "1619"]
[PlyCount "56"]
[EventDate "2002.??.??"]
[Source "www.chesslib.no"]
[SourceDate "2004.05.04"]

1. e4 e5 2. f4 exf4 3. Nf3 Nc6 4. Bc4 d5 5. Bxd5 Be6 6. Bxe6 fxe6 7. d4 Nf6 8. e5 Nd5 9. O-O Bb4 10. a3 Be7 11. c4 Ne3 12. Bxe3 fxe3 13. Qd3 e2 14. Re1 Bc5 15. Rxe2 Nxd4 16. Nxd4 Qxd4+ 17. Qxd4 Bxd4+ 18. Kh1 O-O 19. Nd2 Bxb2 20. Rb1 Bc3 21. Nf3 b6 22. Re3 Ba5 23. Rd3 Rad8 24. Rbd1 Rxd3 25. Rxd3 h6 26. Rd7 Rf7 27. Rd8+ Rf8 28. Rd7 Rf7 1/2-1/2

[Event "Sandefjord"]
[Site "?"]
[Date "2005.04.09"]
[Round "1"]
[White "Farmen Pål"]
[Black "Brix Jan"]
[Result "1-0"]
[WhiteElo "1670"]
[BlackElo "1438"]
[PlyCount "93"]
[EventDate "2005.??.??"]
[Source "www.chesslib.no"]
[SourceDate "2004.05.04"]

1. e4 e5 2. f4 exf4 3. Nf3 Qe7 4. Nc3 Nf6 5. e5 Nc6 6. d4 d6 7. Bb5 Bd7 8. Bxc6 Bxc6 9. O-O dxe5 10. Nxe5 Qd8 11. Bxf4 Be7 12. Nxc6 bxc6 13. Qf3 O-O 14. Qxc6 Qxd4+ 15. Kh1 Bd6 16. Bxd6 Qxd6 17. Qf3 Rab8 18. Rad1 Qb4 19. b3 Rbd8 20. Nd5 Rxd5 21. Rxd5 Nxd5 22. Qxd5 Qd6 23. Qxd6 cxd6 24. Kg1 Re8 25. Kf2 f5 26. Rd1 Rd8 27. Rd5 g6 28. c4 Kf7 29. Kf3 Ke6 30. h4 h6 31. g4 Rc8 32. gxf5+ gxf5 33. Kf4 Rc5 34. Rd3 Re5 35. Re3 Rxe3 36. Kxe3 Ke5 37. Kf3 a5 38. Ke3 d5 39. cxd5 Kxd5 40. Kf4 Kc5 41. a3 Kd4 42. b4 a4 43. Kxf5 Kc4 44. h5 Kb3 45. b5 Kxa3 46. b6 Kb4 47. b7 1-0

[Event "FRA Team Ch U20 0203"]
[Site "?"]
[Date "2002.11.30"]
[Round "1.7"]
[White "Moussard Jules"]
[Black "Genin Alexandre"]
[Result "1-0"]
[WhiteElo "1670"]
[BlackElo "1410"]
[PlyCount "55"]
[EventDate "2002.??.??"]
[Source "www.chesslib.no"]
[SourceDate "2004.05.04"]

1. e4 e5 2. f4 exf4 3. Nf3 Nc6 4. d4 d5 5. exd5 Qxd5 6. Nc3 Bb4 7. Be2 Bg4 8. Bd2 Qd6 9. Nb5 Qd7 10. c3 Bd6 11. O-O Nf6 12. h3 Bf5 13. Nxd6+ Qxd6 14. Ne5 Nxe5 15. Bxf4 O-O-O 16. Bxe5 Qc6 17. Rxf5 Rd5 18. Bf3 Rhd8 19. c4 Qe6 20. cxd5 Qxf5 21. Qc1 Rd7 22. d6 Ne8 23. Bg4 Qe4 24. dxc7 f5 25. Bf3 Qd3 26. Bxb7+ Kxb7 27. c8=Q+ Kb6 28. Q1c5# 1-0

[Event "Schneider Bohemia op-B"]
[Site "?"]
[Date "2001.??.??"]
[Round "3.7"]
[White "Smid Jan"]
[Black "Kracikova Kristyna"]
[Result "1-0"]
[WhiteElo "1650"]
[BlackElo "1409"]
[PlyCount "83"]
[EventDate "2001.??.??"]
[Source "www.chesslib.no"]
[SourceDate "2004.05.04"]

1. e4 e5 2. f4 exf4 3. Nf3 Nc6 4. d4 g5 5. d5 Nb8 6. Nc3 Bc5 7. b4 Bb6 8. h3 Qf6 9. Bb2 h5 10. a3 Rh6 11. e5 Qg7 12. Na4 f5 13. Bd3 Ne7 14. c4 Be3 15. Qc2 g4 16. Nh4 Qg5 17. Nxf5 Nxf5 18. Bxf5 f3 19. gxf3 gxf3 20. Bc1 Bxc1 21. Rxc1 d6 22. e6 Rf6 23. Bd3 Qe3+ 24. Kf1 Qg5 25. Rd1 a5 26. b5 Rf8 27. Bg6+ Ke7 28. Bf7 Nd7 29. exd7 Rxf7 30. dxc8=Q Rxc8 31. Qe4+ Kf8 32. Rg1 Qf6 33. Qg6 Qxg6 34. Rxg6 Re8 35. Re6 Rf4 36. Rxe8+ Kxe8 37. Nb2 Kf7 38. Rd3 Kf6 39. Kf2 Kg5 40. Rxf3 Rxf3+ 41. Kxf3 Kh4 42. Kg2 1-0

[Event "Wattens op 15th"]
[Site "Wattens"]
[Date "2000.08.27"]
[Round "2"]
[White "Mikulic, Oliver"]
[Black "Buchacher, Christof"]
[Result "1-0"]
[WhiteElo "1835"]
[BlackElo "1200"]
[PlyCount "97"]
[EventDate "2000.08.26"]
[Source "www.chesslib.no"]
[SourceDate "2004.05.04"]

1. e4 e5 2. f4 exf4 3. Nf3 Nc6 4. d4 d6 5. Bxf4 Bg4 6. Bb5 a6 7. Ba4 b5 8. Bb3 Bxf3 9. gxf3 Qf6 10. Be3 Nge7 11. Nc3 Rc8 12. Nd5 Qh4+ 13. Bf2 Qh3 14. Qe2 Nxd5 15. exd5+ Ne7 16. a4 Rb8 17. axb5 axb5 18. Ra7 Qd7 19. O-O g6 20. c4 Bg7 21. Bh4 f6 22. Re1 Kf7 23. c5 Rhc8 24. c6 Qe8 25. Qe6+ Kf8 26. Bxf6 Bxf6 27. Qxf6+ Qf7 28. Qg5 Nf5 29. Qf4 Re8 30. Re6 Ra8 31. Rxa8 Rxa8 32. Bc2 Kg7 33. Bxf5 gxf5 34. Qg5+ Kh8 35. Re7 Rg8 36. Rxf7 Rxg5+ 37. Kf2 Rg7 38. Rf8+ Rg8 39. Rxf5 Kg7 40. Rg5+ Kf7 41. Rxg8 Kxg8 42. Kg3 Kg7 43. b4 Kf6 44. Kg4 Kg6 45. f4 h5+ 46. Kh4 Kf5 47. Kxh5 Kxf4 48. Kg6 Ke4 49. h4 1-0

[Event "Niedersachsen-ch U14"]
[Site "?"]
[Date "2001.04.??"]
[Round "2"]
[White "Nuesken Nikolas"]
[Black "Reinkemeier Tobias"]
[Result "1-0"]
[WhiteElo "1716"]
[BlackElo "1273"]
[PlyCount "25"]
[EventDate "2001.??.??"]
[Source "www.chesslib.no"]
[SourceDate "2004.05.04"]

1. e4 e5 2. f4 exf4 3. Nf3 Nc6 4. d4 d6 5. Bxf4 Bg4 6. Be2 Nf6 7. Nc3 Be7 8. Qd2 Qd7 9. O-O-O O-O-O 10. d5 Nb8 11. Nb5 Rdf8 12. Nxa7+ Kd8 13. Qb4 1-0

[Event "Mainz SJRH-ch U18"]
[Site "?"]
[Date "2002.01.02"]
[Round "1"]
[White "Armbrust Florian"]
[Black "Egorov Pavel"]
[Result "1-0"]
[WhiteElo "1795"]
[BlackElo "1165"]
[PlyCount "121"]
[EventDate "2002.??.??"]
[Source "www.chesslib.no"]
[SourceDate "2004.05.04"]

1. e4 e5 2. f4 exf4 3. Nf3 Nc6 4. Bc4 h6 5. d4 Qe7 6. O-O d6 7. Re1 Bg4 8. c3 O-O-O 9. Bxf4 g5 10. Bc1 Bg7 11. Nbd2 f6 12. b4 Re8 13. Qa4 a6 14. Bxa6 Nb8 15. Bb5 Bd7 16. Bxd7+ Qxd7 17. Qxd7+ Nxd7 18. Bb2 Ne7 19. Nc4 Ng6 20. a4 Re7 21. Kf1 Rhe8 22. Nfd2 Nf4 23. Ne3 Nb6 24. a5 Nd7 25. Nf5 Rf7 26. Nc4 Bf8 27. a6 bxa6 28. Rxa6 Nd3 29. Re3 Nxb2 30. Nxb2 Nb6 31. Kf2 Kb7 32. Ra5 Rd7 33. c4 Ra8 34. Rea3 Rdd8 35. c5 dxc5 36. bxc5 Rxa5 37. Rxa5 Nd7 38. Nc4 Nb8 39. d5 Kc8 40. Nce3 h5 41. Ng3 h4 42. Nh5 Rd7 43. Nxf6 Rf7 44. e5 Bxc5 45. Rxc5 Nd7 46. Rc6 Nxe5 47. Re6 Nd7 48. Neg4 Nc5 49. Re8+ Kb7 50. Ke3 Nd7 51. Nxd7 Rxd7 52. Re5 Rg7 53. Ke4 Kc8 54. Kf5 Kd7 55. Kf6 Rg8 56. Rxg5 Rxg5 57. Kxg5 h3 58. gxh3 Kd6 59. Nf6 c6 60. dxc6 Kxc6 61. h4 1-0

[Event "Corr"]
[Site "?"]
[Date "2004.10.22"]
[Round "?"]
[White "Marques João"]
[Black "Harper Roy"]
[Result "0-1"]
[WhiteElo "1390"]
[BlackElo "1547"]
[PlyCount "52"]
[EventDate "2004.??.??"]
[Source "www.chesslib.no"]
[SourceDate "2004.05.04"]

1. e4 e5 2. f4 exf4 3. Nf3 Nh6 4. Bc4 Nc6 5. d4 g5 6. Nc3 g4 7. Bxf4 gxf3 8. gxf3 d6 9. Qd2 Ng8 10. Nd5 Bg7 11. c3 Na5 12. Bd3 Be6 13. Rg1 Bf8 14. O-O-O c6 15. Nb4 Bxa2 16. Qe3 Bb3 17. Rde1 Qd7 18. Bg5 h6 19. Bh4 Be7 20. Bxe7 Nxe7 21. e5 O-O-O 22. exd6 Nd5 23. Nxd5 Bxd5 24. b4 Nc4 25. Bxc4 Bxc4 26. Qe7 Rhg8 0-1

[Event "Koeln"]
[Site "?"]
[Date "2005.01.29"]
[Round "7.18"]
[White "Gail Edgar"]
[Black "Bill Oliver"]
[Result "1-0"]
[WhiteElo "1332"]
[BlackElo "1573"]
[PlyCount "43"]
[EventDate "2005.??.??"]
[Source "www.chesslib.no"]
[SourceDate "2004.05.04"]

1. e4 e5 2. f4 exf4 3. Nf3 Bc5 4. d4 Be7 5. Bxf4 Nf6 6. Nbd2 O-O 7. Bd3 d6 8. O-O Nh5 9. Be3 Bg4 10. h3 Bd7 11. e5 Qc8 12. Ng5 Ng3 13. Rf2 h6 14. Qf3 Bxg5 15. Bxg5 hxg5 16. Qxg3 dxe5 17. dxe5 Nc6 18. Qxg5 Re8 19. Qh5 g6 20. Bxg6 fxg6 21. Qxg6+ Kh8 22. Rf7 1-0

[Event "Dallas Ken Smith Memorial"]
[Site "Dallas, TX"]
[Date "1999.08.08"]
[Round "4"]
[White "Trowbridge, William"]
[Black "Ray, Jason K"]
[Result "1-0"]
[WhiteElo "1455"]
[BlackElo "1411"]
[PlyCount "69"]
[EventDate "1999.08.06"]
[Source "www.chesslib.no"]
[SourceDate "2004.05.04"]

1. e4 e5 2. f4 exf4 3. Nf3 Nc6 4. d4 d6 5. Bxf4 Bg4 6. c3 a6 7. Bc4 h6 8. O-O Nf6 9. Nbd2 Be7 10. Qe1 Qd7 11. e5 Nh5 12. exd6 cxd6 13. Bg3 O-O 14. Qf2 d5 15. Bd3 Nxg3 16. Qxg3 Bxf3 17. Nxf3 Qd6 18. Qf2 Qc7 19. Rae1 Bd6 20. g3 Rfe8 21. Nh4 Rxe1 22. Rxe1 Qd7 23. Bf5 Qd8 24. Bb1 Qd7 25. Nf5 Ne7 26. Qf3 Nxf5 27. Bxf5 Qc6 28. Rf1 Rf8 29. Bc2 g6 30. Bb3 Qb5 31. Bxd5 Qxb2 32. Bxf7+ Kg7 33. Qf6+ Kh7 34. Qxg6+ Kh8 35. Qxh6# 1-0

[Event "Bratislava Open"]
[Site "?"]
[Date "2004.05.06"]
[Round "7"]
[White "Kordos Adam"]
[Black "Kovac Andrej"]
[Result "1-0"]
[WhiteElo "1471"]
[BlackElo "1385"]
[PlyCount "125"]
[EventDate "2004.??.??"]
[Source "www.chesslib.no"]
[SourceDate "2004.05.04"]

1. e4 e5 2. f4 exf4 3. Nf3 Nc6 4. Bc4 Nf6 5. d3 Bc5 6. Bxf4 d6 7. h3 Be6 8. c3 Nxe4 9. dxe4 Bxc4 10. Nbd2 Bd3 11. Qb3 Rb8 12. c4 Qf6 13. Bg5 Nd4 14. Bxf6 Nxb3 15. axb3 gxf6 16. Rc1 Rg8 17. Rc3 Bb1 18. Nxb1 Bb4 19. O-O Bxc3 20. Nxc3 Ke7 21. Nb5 Rg7 22. Nxc7 Rbg8 23. Nd5+ Kd8 24. Rf2 Rg6 25. Nf4 Rg3 26. Kf1 Re8 27. Re2 Rgg8 28. Nd4 Re5 29. Kf2 Rge8 30. Kf3 Kd7 31. b4 Rc8 32. b3 a6 33. b5 Ra8 34. Ra2 a5 35. h4 b6 36. Nc6 Rc5 37. Ra4 f5 38. Nd3 fxe4+ 39. Kxe4 Rh5 40. g3 Re8+ 41. Kf3 Rf5+ 42. Nf4 Re1 43. Nd4 Rfe5 44. Nc2 Rc1 45. Ne3 Rc3 46. Nfd5 Rxb3 47. Nxb6+ Ke6 48. Nbd5 Rf5+ 49. Ke4 Re5+ 50. Kd4 Rh5 51. Rxa5 f5 52. Nf4+ Kf6 53. Nxh5+ Kg6 54. Nf4+ Kf6 55. Ra6 Rb2 56. Rxd6+ Kg7 57. Nxf5+ Kf7 58. b6 Kf8 59. Kc5 Rf2 60. b7 Rxf4 61. b8=Q+ Kf7 62. Qc7+ Kf8 63. Rd8# 1-0

[Event "Niedersachsen-ch U18"]
[Site "?"]
[Date "2001.04.??"]
[Round "2"]
[White "Schulte Wuelwer Tobias"]
[Black "Hartje Rainer Michael"]
[Result "1-0"]
[WhiteElo "1610"]
[BlackElo "1232"]
[PlyCount "39"]
[EventDate "2001.??.??"]
[Source "www.chesslib.no"]
[SourceDate "2004.05.04"]

1. e4 e5 2. f4 exf4 3. Nf3 Qf6 4. Bc4 Ne7 5. d4 d6 6. O-O g5 7. Nc3 Be6 8. Bxe6 fxe6 9. e5 Qg6 10. exd6 cxd6 11. Nb5 Nd5 12. c4 a6 13. Qa4 Kf7 14. cxd5 exd5 15. Nxg5+ Kg7 16. Nc7 Ra7 17. Nce6+ Kh6 18. Bxf4 Rg8 19. Ne4+ Kh5 20. Qd1+ 1-0

[Event "Sandnes"]
[Site "?"]
[Date "2005.07.04"]
[Round "3"]
[White "Kirkesola Gitle"]
[Black "Eiken Gunnar"]
[Result "0-1"]
[WhiteElo "1360"]
[BlackElo "1470"]
[PlyCount "40"]
[EventDate "2005.??.??"]
[Source "www.chesslib.no"]
[SourceDate "2004.05.04"]

1. e4 e5 2. f4 exf4 3. Nf3 Nc6 4. Bc4 d6 5. O-O Bg4 6. d4 g5 7. Qd3 Bxf3 8. Rxf3 Bg7 9. c3 Qe7 10. Nd2 Nf6 11. b4 O-O 12. Rh3 g4 13. Rh4 Rae8 14. e5 dxe5 15. Ne4 Nxe4 16. Rxh7 Kxh7 17. Qxe4+ f5 18. Qc2 Qh4 19. Bd2 g3 20. h3 f3 0-1

[Event "50sen.Mittelfranken-ch"]
[Site "?"]
[Date "2001.04.13"]
[Round "3"]
[White "Faulhaber Rudolf"]
[Black "Ludwig Karl-Heinz"]
[Result "1/2-1/2"]
[WhiteElo "1538"]
[BlackElo "1265"]
[PlyCount "51"]
[EventDate "2001.??.??"]
[Source "www.chesslib.no"]
[SourceDate "2004.05.04"]

1. e4 e5 2. f4 exf4 3. Nf3 Nc6 4. Bc4 Qf6 5. d4 Bd6 6. e5 Bxe5 7. dxe5 Nxe5 8. Nxe5 Qxe5+ 9. Qe2 Qxe2+ 10. Kxe2 g5 11. Re1 Ne7 12. Nc3 O-O 13. Kf1 Nc6 14. Nd5 Nd4 15. Bd3 c6 16. Nf6+ Kg7 17. Nxh7 f6 18. Re7+ Rf7 19. Rxf7+ Kxf7 20. h4 gxh4 21. Bxf4 d5 22. Ng5+ fxg5 23. Bxg5 Bf5 24. Bxh4 Bxd3+ 25. cxd3 Re8 26. Bf2 1/2-1/2